00624nam a2200193Ia 45000010006000000050017000060080041000230410008000640820016000721000045000882450084001332600009002173000028002266500008002546540008002629420025002709990017002959520118003122512120260414151128.0260414t2007||||xx |||||||||||||| ||spa|| aESP a346.24bM26 aMartínez de Aguirre Aldaz, CarloseAUT 0aConstitución, derecho al matrimonio y uniones entre personas del mismo sexob c2007 a129 páginas :c20 cm. aDER aCDE cLIBdJUSfJUS2ddcn c25121d25121 o346.24 M26p10508448UCSPt17052bVABaVABcPPd2026-04-14e1r2026-04-14 15:11:28l0w2026-04-14yLIB104000